| 000 | 01116nam a22002897a 4500 | ||
|---|---|---|---|
| 999 |
_c9852 _d9852 |
||
| 003 | AR-CdUCM | ||
| 008 | 190328b ||||| |||| 00| 0 spa d | ||
| 020 | _a978-607-618-376-2 | ||
| 040 |
_aMUNICIPALIDAD PROVINCIAL DEL CUSCO _cBIBLIOTECA MUNICIPAL DEL CUSCO |
||
| 041 | _heng | ||
| 082 |
_aEP / 803.08 _bP26 |
||
| 100 |
_aBaun, L Frank _926344 |
||
| 245 |
_aDe cómo la vaca saltó sobre la luna : _by otras historias disparatadas / |
||
| 260 |
_aMéxico : _bSilver Dolphin, _c2015. |
||
| 300 |
_a40 páginas ; _bIlustraciones a color, _c22 cm. |
||
| 500 | _aTítulo original: Cow jumped over the moon | ||
| 505 | _aContenido: Amo de todos los amos -- De cómo la vaca saltó sobre la luna -- Un país de lo más peculiar -- La historia de las siete familias del lago Pipple-Popple. | ||
| 650 |
_aNarrativa _967 |
||
| 650 |
_acuentos infantiles _926201 |
||
| 700 |
_aJocobs, Josep _926345 |
||
| 700 |
_aCarroll, Lewis _924930 |
||
| 700 |
_aLear, Andrew _926346 |
||
| 700 |
_aParker, Vic (Compilador) _926203 |
||
| 700 |
_aCaballero, Samantha (Traductora) _926224 |
||
| 942 |
_2ddc _cLIBROS |
||
| 945 | _araen | ||